000 00624 a2200181 4500
003 Nust
005 20230529125508.0
020 _a070537089
040 _cNust
082 _a005.13,PRO
100 _aRosen, Saul
_9112757
245 _aProgramming systems and languages /
260 _aNew York
_bMcGrawHill
_c1967
300 _a734p
505 _aA Historical Survey (Page-1), Programming Languages (Page-29), Compiling And Translating (Page-184), Languages For Processing Lists And Stings Of Symbols (Page-362), Operating Systems (Page-516).
650 _aProgramming, Languages
_958751
942 _2ddc
_cBK
_k005.13,PRO
999 _c176716
_d176716